| 000 | 00802 a2200193 4500 | ||
|---|---|---|---|
| 003 | Nust | ||
| 005 | 20250923171313.0 | ||
| 040 | _cNust | ||
| 082 | _a621.384,GOY | ||
| 100 |
_aGoyal, N. C. _9130666 |
||
| 245 |
_aA text book on radio and television / _cN. C. Goyal and S. K. Mukherjee |
||
| 250 | _a4th. | ||
| 260 |
_aNew Delhi _bKhanna Pub. _c1988 |
||
| 300 | _a752 p. | ||
| 505 | _aRadio Broadcasting System (Page-1) Sound Speech and Music as Related to Broadcasting (Page-5) Electron Theory, Electric Current (Page-51) Electrical Circuits Electromagnetic Induction (Page-138) Inductance and Inductors (Page-166) Capacitance and Condensers (Page-184) Alternating Current Circuits (Page-221) | ||
| 538 | _aAlmirah No.38 Shelf No.6 | ||
| 650 | _aTelecommunication engineering | ||
| 942 |
_2ddc _cBK |
||
| 999 |
_c182994 _d182994 |
||